| 000 | 00532nam a22001577a 4500 | ||
|---|---|---|---|
| 003 | 0 | ||
| 005 | 20230314134638.0 | ||
| 008 | 230314b xxu||||| |||| 00| 0 eng d | ||
| 050 |
_aHN 716 _b.M36 2022 |
||
| 245 |
_aQuality of life and burnout as correlates to adversity quotient among middle adult sandwich generartion _cJordan Oneal D. Manlapaz |
||
| 260 |
_aLas Pinas City _bSouthville International School and Colleges _cC2022 |
||
| 300 |
_axiii, 222pp. _c28cm. _fTheses |
||
| 500 | _aQuality. | ||
| 500 | _aLife. | ||
| 942 |
_2lcc _cTH |
||
| 999 |
_c364944 _d364944 |
||